000 00611nam a2200265Ia 4500
005 20260306163920.0
008 008 260114s9999 xx 000 0 eng d
020 _a9781617970214
037 _aEBOOK
040 _aCRL
040 _beng
040 _cCRL
041 _2eng
041 _aeng
084 _qCRL
100 _aThompson
245 0 _aEdward William Lane 1801-1876
260 _bAmerican University in Cairo Press
260 _c2011
650 _aSocial Work
856 _uhttps://academic.oup.com/book/22843
942 _cEBOOK
999 _c1712004
_d1712004